000 00869nam a2200241 i 4500
001 57747
003 ES-MaACL
005 20250810185110.0
007 t|
008 031017s1971 sp ||||1| spa d
100 1 _aDreifus, Leonard S.
_945596
245 1 0 _aArritmias cardiacas /
_cdirectores, William Likoff ; director asociado, John H. Moyer ; prólogo C. Gausí Gené y J. Soler Soler ; [versión M. Román Castillo y A. Bayés de Luna].
260 _aBarcelona :
_bEd. Científico-Médica,
_c1971.
300 _aXX, 856 p. :
_bil. ;
_c25 cm.
700 1 _aLikoff, William.
_972281
700 1 _aMoyer, John H.
_983990
700 1 _aGausi Gené, C.
_9203591
700 1 _aSoler Soler, J.
_9107194
700 1 _aRomán Castillo, M.
_999222
700 1 _aBayés de Luna, A.,
_d1936-
_926662
852 _aES-MaACL
_jC-37347
_bR.77084
999 _c57747
_d57747